Discrete-time control systems / (Record no. 188041)
[ view plain ]
| 000 -LEADER | |
|---|---|
| fixed length control field | 00973 a2200217 4500 |
| 003 - CONTROL NUMBER IDENTIFIER | |
| control field | Nust |
| 005 - DATE AND TIME OF LATEST TRANSACTION | |
| control field | 20230102123647.0 |
| 010 ## - LIBRARY OF CONGRESS CONTROL NUMBER | |
| LC control number | 86012393 |
| 020 ## - INTERNATIONAL STANDARD BOOK NUMBER | |
| International Standard Book Number | 8178083353 |
| 040 ## - CATALOGING SOURCE | |
| Transcribing agency | Nust |
| 082 00 - DEWEY DECIMAL CLASSIFICATION NUMBER | |
| Classification number | 629.83,OGA |
| 100 1# - MAIN ENTRY--PERSONAL NAME | |
| Personal name | Ogata, Katsuhiko. |
| 245 10 - TITLE STATEMENT | |
| Title | Discrete-time control systems / |
| Statement of responsibility, etc. | Katsuhiko Ogata. |
| 250 ## - EDITION STATEMENT | |
| Edition statement | 2nd ed |
| 260 ## - PUBLICATION, DISTRIBUTION, ETC. | |
| Place of publication, distribution, etc. | Englewood Cliffs, N.J. : |
| Name of publisher, distributor, etc. | Prentice-Hall, |
| Date of publication, distribution, etc. | c1995. |
| 300 ## - PHYSICAL DESCRIPTION | |
| Extent | xi, 745 p. : |
| Other physical details | ill. ; |
| Dimensions | 24 cm. |
| 505 ## - FORMATTED CONTENTS NOTE | |
| Formatted contents note | Introduction to Discrete-Time Control Systems (Page-1), The z Transform (Page-23), x- Plane Analysis of Discrete-Time Control Systems (Page-74), Design of Discrete Time Control Systems by Conventional Methods (Page-173), State- Space Analysis (Page-293), Pole Placement and Observer Design (Page-377), Polynomial Equations Approach to Control Systems Design (Page-517), Quadratic Optimal Control Systems (Page-566). |
| 650 #0 - SUBJECT ADDED ENTRY--TOPICAL TERM | |
| Topical term or geographic name entry element | Control theory. |
| 650 #0 - SUBJECT ADDED ENTRY--TOPICAL TERM | |
| Topical term or geographic name entry element | Discrete-time systems. |
| 9 (RLIN) | 98002 |
| 942 ## - ADDED ENTRY ELEMENTS (KOHA) | |
| Source of classification or shelving scheme | |
| Koha item type | Book |
| Withdrawn status | Lost status | Source of classification or shelving scheme | Damaged status | Not for loan | Permanent Location | Current Location | Shelving location | Date acquired | Full call number | Barcode | Date last seen | Price effective from | Koha item type | Public note | Total Checkouts |
|---|---|---|---|---|---|---|---|---|---|---|---|---|---|---|---|
| Military College of Signals (MCS) | Military College of Signals (MCS) | General Stacks | 12/12/2016 | 629.83,OGA | MCS31595 | 12/08/2016 | 12/12/2016 | Book | Almirah No.41, Shelf No.6 | ||||||
| Military College of Signals (MCS) | Military College of Signals (MCS) | General Stacks | 01/02/2023 | 629.83,OGA | MCS28852 | 01/02/2023 | 01/02/2023 | Book | Almirah No.41, Shelf No.6 | ||||||
| Military College of Signals (MCS) | Military College of Signals (MCS) | General Stacks | 01/02/2023 | 629.83,OGA | MCS5611 | 01/02/2023 | 01/02/2023 | Book | Almirah No.41, Shelf No.6 |
